|
|
|
|
| LEADER |
01192ncm a2200337 a 4500 |
| 001 |
000834762 |
| 003 |
CZ BrMZK |
| 005 |
20180924133418.0 |
| 007 |
qu |
| 008 |
061206s2000 xr dfaeg cze d |
| 024 |
2 |
|
|a M-66051-307-1
|q (v hudebnině neuvedeno :
|q volné listy v obálce)
|
| 040 |
|
|
|a BOA001
|b cze
|
| 048 |
|
|
|a of01
|
| 072 |
|
7 |
|a 788
|x Hudba pro dechové nástroje
|2 Konspekt
|9 9
|
| 080 |
|
|
|a 78.085.2.088
|2 MRF
|
| 080 |
|
|
|a 785.12
|2 MRF
|
| 080 |
|
|
|a 78.087
|2 MRF
|
| 245 |
0 |
0 |
|a Fialinka
|h [hudebnina] :
|b polka /
|c autor neznámý ; arr. Antonín Bulka
|
| 260 |
|
|
|a Křižanovice u Bučovic :
|b Michal Steranka,
|c c2000
|
| 300 |
|
|
|a 19 hlasů ;
|c 20 x 14 cm
|
| 490 |
1 |
|
|a Dechová hudba ;
|v DH 212
|
| 650 |
0 |
4 |
|a polky (dechová hudba), úpravy
|
| 650 |
0 |
7 |
|a polky, úpravy
|7 ph315257
|z Česko
|2 czenas
|
| 650 |
0 |
7 |
|a dechová hudba, úpravy
|7 ph312557
|z Česko
|2 czenas
|
| 655 |
|
7 |
|a hlasy
|7 fd186703
|2 czenas
|
| 700 |
1 |
|
|a Bulka, Antonín,
|d 1944-
|7 xx0003785
|4 arr
|
| 830 |
|
0 |
|a Dechová hudba (Steranka)
|
| 910 |
|
|
|a BOA001
|b Mus1-1178.190
|
| 990 |
|
|
|a MU
|
| 991 |
|
|
|b 200612
|c NOV
|
| 996 |
6 |
|
|b 2610297464
|c Mus1-1178.190
|l MZK
|r Sklad / do 1 hodiny
|n 1
|w 000834762
|u 000010
|a 1
|e BOA001
|j MZK50
|s P
|